<?xml version="1.0" encoding="UTF-8"?>
<record
    xmlns:xsi="http://www.w3.org/2001/XMLSchema-instance"
    xsi:schemaLocation="http://www.loc.gov/MARC21/slim http://www.loc.gov/standards/marcxml/schema/MARC21slim.xsd"
    xmlns="http://www.loc.gov/MARC21/slim">

  <leader>02241nam0a22004571  4500</leader>
  <controlfield tag="001">v19\rc\1953596</controlfield>
  <controlfield tag="005">20260406104656.0</controlfield>
  <datafield tag="035" ind1=" " ind2=" ">
    <subfield code="a">(NLR Aleph) 005038198</subfield>
  </datafield>
  <datafield tag="090" ind1=" " ind2=" ">
    <subfield code="a">6764495</subfield>
    <subfield code="c">6764495</subfield>
  </datafield>
  <datafield tag="100" ind1=" " ind2=" ">
    <subfield code="a">20080428d1913    u  y0rusy50      ca</subfield>
  </datafield>
  <datafield tag="101" ind1="0" ind2=" ">
    <subfield code="a">rus</subfield>
  </datafield>
  <datafield tag="102" ind1=" " ind2=" ">
    <subfield code="a">RU</subfield>
  </datafield>
  <datafield tag="105" ind1=" " ind2=" ">
    <subfield code="a">ac  z   |||e|</subfield>
  </datafield>
  <datafield tag="200" ind1="1" ind2=" ">
    <subfield code="a">&#x41F;&#x440;&#x43E;&#x437;&#x430;. &#x414;&#x43D;&#x435;&#x432;&#x43D;&#x438;&#x43A;&#x438;. &#x41F;&#x438;&#x441;&#x44C;&#x43C;&#x430;</subfield>
    <subfield code="f">&#x421;.&#x42F;. &#x41D;&#x430;&#x434;&#x441;&#x43E;&#x43D;</subfield>
  </datafield>
  <datafield tag="205" ind1=" " ind2=" ">
    <subfield code="a">2-&#x435; &#x438;&#x437;&#x434;.</subfield>
  </datafield>
  <datafield tag="210" ind1=" " ind2=" ">
    <subfield code="a">&#x421;&#x430;&#x43D;&#x43A;&#x442;-&#x41F;&#x435;&#x442;&#x435;&#x440;&#x431;&#x443;&#x440;&#x433;</subfield>
    <subfield code="c">&#x442;&#x438;&#x43F;. &#x41C;.&#x410;. &#x410;&#x43B;&#x435;&#x43A;&#x441;&#x430;&#x43D;&#x434;&#x440;&#x43E;&#x432;&#x430;</subfield>
    <subfield code="d">1913</subfield>
  </datafield>
  <datafield tag="215" ind1=" " ind2=" ">
    <subfield code="a">IV, 642, XIV &#x441;., [6] &#x43B;. &#x438;&#x43B;., &#x43F;&#x43E;&#x440;&#x442;&#x440;.</subfield>
    <subfield code="c">&#x43F;&#x43E;&#x440;&#x442;&#x440;.</subfield>
    <subfield code="d">21</subfield>
  </datafield>
  <datafield tag="320" ind1=" " ind2=" ">
    <subfield code="a">&#x411;&#x438;&#x431;&#x43B;&#x438;&#x43E;&#x433;&#x440;.: "&#x411;&#x438;&#x431;&#x43B;&#x438;&#x43E;&#x433;&#x440;&#x430;&#x444;&#x438;&#x447;&#x435;&#x441;&#x43A;&#x438;&#x435; &#x43C;&#x430;&#x442;&#x435;&#x440;&#x438;&#x430;&#x43B;&#x44B; &#x43E; &#x421;.&#x42F;. &#x41D;&#x430;&#x434;&#x441;&#x43E;&#x43D;&#x435; / &#x421;&#x43E;&#x431;&#x440;. &#x41D;.&#x41A;. &#x41F;&#x438;&#x43A;&#x441;&#x430;&#x43D;&#x43E;&#x432;" (&#x441;. I-XII)</subfield>
  </datafield>
  <datafield tag="327" ind1="0" ind2=" ">
    <subfield code="a">&#x421;. 20-23: &#x410;&#x432;&#x442;&#x43E;&#x431;&#x438;&#x43E;&#x433;&#x440;&#x430;&#x444;&#x438;&#x44F; &#x421;. &#x42F;. &#x41D;&#x430;&#x434;&#x441;&#x43E;&#x43D;&#x430; / &#x421;&#x43E;&#x43E;&#x431;&#x449;. &#x421;. &#x412;&#x435;&#x43D;&#x433;&#x435;&#x440;&#x43E;&#x432;</subfield>
  </datafield>
  <datafield tag="464" ind1=" " ind2="0">
    <subfield code="1">2001#$a&#x41F;&#x435;&#x432;&#x435;&#x446; "&#x442;&#x440;&#x435;&#x432;&#x43E;&#x433;&#x438; &#x44E;&#x43D;&#x44B;&#x445; &#x441;&#x438;&#x43B;"$f&#x41F;.&#x424;. &#x42F;&#x43A;&#x443;&#x431;&#x43E;&#x432;&#x438;&#x447;</subfield>
    <subfield code="1">215##$a&#x421;. 1-19</subfield>
    <subfield code="1">700#1$a&#x42F;&#x43A;&#x443;&#x431;&#x43E;&#x432;&#x438;&#x447;$b&#x41F;.&#x424;.$f1860-1911$g&#x41F;&#x435;&#x442;&#x440; &#x424;&#x438;&#x43B;&#x438;&#x43F;&#x43F;&#x43E;&#x432;&#x438;&#x447;</subfield>
    <subfield code="t">&#x41F;&#x435;&#x432;&#x435;&#x446; "&#x442;&#x440;&#x435;&#x432;&#x43E;&#x433;&#x438; &#x44E;&#x43D;&#x44B;&#x445; &#x441;&#x438;&#x43B;"</subfield>
    <subfield code="a">&#x42F;&#x43A;&#x443;&#x431;&#x43E;&#x432;&#x438;&#x447;, &#x41F;&#x435;&#x442;&#x440; &#x424;&#x438;&#x43B;&#x438;&#x43F;&#x43F;&#x43E;&#x432;&#x438;&#x447; (1860-1911)</subfield>
  </datafield>
  <datafield tag="464" ind1=" " ind2="0">
    <subfield code="1">2001#$a&#x410;&#x432;&#x442;&#x43E;&#x431;&#x438;&#x43E;&#x433;&#x440;&#x430;&#x444;&#x438;&#x44F; &#x421;. &#x42F;. &#x41D;&#x430;&#x434;&#x441;&#x43E;&#x43D;&#x430;$e&#x421;&#x43E;&#x43E;&#x431;&#x449;. &#x421;. &#x412;&#x435;&#x43D;&#x433;&#x435;&#x440;&#x43E;&#x432;</subfield>
    <subfield code="1">215##$a&#x421;. 20-23</subfield>
    <subfield code="1">700#1$a&#x412;&#x435;&#x43D;&#x433;&#x435;&#x440;&#x43E;&#x432;$b&#x421;. &#x410;.$f1855-1920$g&#x421;&#x435;&#x43C;&#x435;&#x43D; &#x410;&#x444;&#x430;&#x43D;&#x430;&#x441;&#x44C;&#x435;&#x432;&#x438;&#x447;$3RU\NLR\AUTH\7764525</subfield>
    <subfield code="t">&#x410;&#x432;&#x442;&#x43E;&#x431;&#x438;&#x43E;&#x433;&#x440;&#x430;&#x444;&#x438;&#x44F; &#x421;. &#x42F;. &#x41D;&#x430;&#x434;&#x441;&#x43E;&#x43D;&#x430;</subfield>
    <subfield code="a">&#x412;&#x435;&#x43D;&#x433;&#x435;&#x440;&#x43E;&#x432;, &#x421;&#x435;&#x43C;&#x435;&#x43D; &#x410;&#x444;&#x430;&#x43D;&#x430;&#x441;&#x44C;&#x435;&#x432;&#x438;&#x447; (1855-1920)</subfield>
  </datafield>
  <datafield tag="517" ind1="0" ind2=" ">
    <subfield code="a">&#x414;&#x43D;&#x435;&#x432;&#x43D;&#x438;&#x43A;&#x438;</subfield>
  </datafield>
  <datafield tag="517" ind1="0" ind2=" ">
    <subfield code="a">&#x41F;&#x438;&#x441;&#x44C;&#x43C;&#x430;</subfield>
  </datafield>
  <datafield tag="532" ind1="1" ind2="3">
    <subfield code="a">&#x41F;&#x440;&#x43E;&#x437;&#x430;. &#x414;&#x43D;&#x435;&#x432;&#x43D;&#x438;&#x43A;&#x438;. &#x41F;&#x438;&#x441;&#x44C;&#x43C;&#x430;</subfield>
  </datafield>
  <datafield tag="700" ind1=" " ind2="1">
    <subfield code="a">&#x41D;&#x430;&#x434;&#x441;&#x43E;&#x43D;</subfield>
    <subfield code="b">&#x421;.&#x42F;.</subfield>
    <subfield code="f">1862-1887</subfield>
    <subfield code="g">&#x421;&#x435;&#x43C;&#x435;&#x43D; &#x42F;&#x43A;&#x43E;&#x432;&#x43B;&#x435;&#x432;&#x438;&#x447;</subfield>
  </datafield>
  <datafield tag="702" ind1=" " ind2="1">
    <subfield code="4">570</subfield>
    <subfield code="8">rus</subfield>
    <subfield code="7">ca</subfield>
    <subfield code="a">&#x41F;&#x438;&#x43A;&#x441;&#x430;&#x43D;&#x43E;&#x432;</subfield>
    <subfield code="b">&#x41D;. &#x41A;.</subfield>
    <subfield code="f">1878-1969</subfield>
    <subfield code="g">&#x41D;&#x438;&#x43A;&#x43E;&#x43B;&#x430;&#x439; &#x41A;&#x438;&#x440;&#x44C;&#x44F;&#x43A;&#x43E;&#x432;&#x438;&#x447;</subfield>
    <subfield code="3">RU\NLR\AUTH\7797093</subfield>
    <subfield code="9">80019</subfield>
  </datafield>
  <datafield tag="801" ind1=" " ind2="0">
    <subfield code="a">RU</subfield>
    <subfield code="b">NLR</subfield>
    <subfield code="g">psbo</subfield>
  </datafield>
  <datafield tag="801" ind1=" " ind2="0">
    <subfield code="a">RU</subfield>
    <subfield code="b">RuMoRGB</subfield>
    <subfield code="2">psbo</subfield>
  </datafield>
  <datafield tag="801" ind1=" " ind2="1">
    <subfield code="a">RU</subfield>
    <subfield code="b">ProSoft-M</subfield>
    <subfield code="2">rusmarc</subfield>
  </datafield>
  <datafield tag="852" ind1=" " ind2=" ">
    <subfield code="a">NLR</subfield>
    <subfield code="j">37.43.6.15</subfield>
  </datafield>
  <datafield tag="852" ind1=" " ind2=" ">
    <subfield code="a">NLR</subfield>
    <subfield code="j">133/4890</subfield>
  </datafield>
  <datafield tag="899" ind1=" " ind2=" ">
    <subfield code="a">RuMoRGB</subfield>
    <subfield code="j">F 119/98</subfield>
  </datafield>
  <datafield tag="899" ind1=" " ind2=" ">
    <subfield code="a">RuMoRGB</subfield>
    <subfield code="j">O 56/172</subfield>
  </datafield>
  <datafield tag="899" ind1=" " ind2=" ">
    <subfield code="a">RuMoRGB</subfield>
    <subfield code="j">U 363/38</subfield>
  </datafield>
  <datafield tag="899" ind1=" " ind2=" ">
    <subfield code="a">RuMoRGB</subfield>
    <subfield code="j">&#x420;&#x431; 10/776</subfield>
  </datafield>
  <datafield tag="899" ind1=" " ind2=" ">
    <subfield code="a">&#x411;&#x410;&#x41D;</subfield>
  </datafield>
  <datafield tag="899" ind1=" " ind2=" ">
    <subfield code="a">&#x413;&#x41F;&#x418;&#x411;</subfield>
  </datafield>
  <datafield tag="899" ind1=" " ind2=" ">
    <subfield code="a">&#x41D;&#x411; &#x41C;&#x413;&#x423;</subfield>
  </datafield>
  <datafield tag="942" ind1=" " ind2=" ">
    <subfield code="c">BOOK</subfield>
  </datafield>
  <datafield tag="980" ind1=" " ind2=" ">
    <subfield code="a">NB</subfield>
  </datafield>
  <datafield tag="995" ind1=" " ind2=" ">
    <subfield code="5">2013-10-26</subfield>
    <subfield code="b">NLR02</subfield>
    <subfield code="c">NLR02</subfield>
    <subfield code="e">RFS</subfield>
    <subfield code="f">1-4010713</subfield>
    <subfield code="k">37.43.6.15</subfield>
    <subfield code="o">0</subfield>
    <subfield code="r">BOOK</subfield>
    <subfield code="s">3743615_</subfield>
  </datafield>
  <datafield tag="995" ind1=" " ind2=" ">
    <subfield code="5">2013-10-26</subfield>
    <subfield code="b">NLR02</subfield>
    <subfield code="c">NLR02</subfield>
    <subfield code="e">RFS</subfield>
    <subfield code="f">5038198-20</subfield>
    <subfield code="k">133/4890</subfield>
    <subfield code="o">0</subfield>
    <subfield code="r">BOOK</subfield>
    <subfield code="s">1334890_</subfield>
  </datafield>
  <datafield tag="995" ind1=" " ind2=" ">
    <subfield code="5">2013-10-26</subfield>
    <subfield code="b">NLR01</subfield>
    <subfield code="c">NLR01</subfield>
    <subfield code="e">TEMP</subfield>
    <subfield code="f">5038198-70</subfield>
    <subfield code="o">0</subfield>
    <subfield code="r">BOOK</subfield>
  </datafield>
  <datafield tag="995" ind1=" " ind2=" ">
    <subfield code="5">2013-10-26</subfield>
    <subfield code="b">NLR01</subfield>
    <subfield code="c">NLR01</subfield>
    <subfield code="e">TEMP</subfield>
    <subfield code="f">5038198-80</subfield>
    <subfield code="o">0</subfield>
    <subfield code="r">BOOK</subfield>
  </datafield>
  <datafield tag="995" ind1=" " ind2=" ">
    <subfield code="5">2013-10-26</subfield>
    <subfield code="b">NLR01</subfield>
    <subfield code="c">NLR01</subfield>
    <subfield code="e">TEMP</subfield>
    <subfield code="f">5038198-90</subfield>
    <subfield code="o">0</subfield>
    <subfield code="r">BOOK</subfield>
  </datafield>
</record>
